[Event "It (open)"]
[Site "masterchessopen.com Benidorm (Spain)"]
[Date "2008.05.03"]
[Round "9"]
[White "Cori T Deysi (PER)"]
[Black "Mikhalevski Victor (ISR)"]
[Result "0-1"]
[WhiteElo "2279"]
[BlackElo "2602"]

1.d4 d5 2.Nf3 Nf6 3.c4 e6 4.g3 Bb4+ 5.Bd2 Be7 6.Bg2 c6 7.Qc2 O-O 8.O-O b6 9.b3
Ba6 10.Bf4 Nbd7 11.Nbd2 Nh5 12.e4 Nxf4 13.gxf4 Nf6 14.Rfe1 Rc8 15.f5 exf5
16.exd5 cxd5 17.Qxf5 Bb4 18.cxd5 Bb7 19.Re2 Nxd5 20.Nc4 g6 21.Qg4 Nf6 22.Qf4
Nh5 23.Qh6 Bxf3 24.Bxf3 Qxd4 25.Rf1 Rc5 26.Re4 Qf6 27.Bg2 Rf5 28.Ne5 Rxe5
29.Rxb4 Rd8 30.Rc4 Rg5 31.h4 Rf5 32.Qe3 Nf4 33.Bh3 Qxh4 34.Bxf5 Qg5+ 35.Bg4
Qxg4+ 36.Qg3 Ne2+ 37.Kg2 Qxc4 38.Rh1 Ra8 {#R} 0-1

[Event "It (open)"]
[Site "masterchessopen.com Pula (Croatia)"]
[Date "2008.06.22"]
[Round "2"]
[White "Kvisla Johannes Luangtep (NOR)"]
[Black "Vavrak Peter (SVK)"]
[Result "0-1"]
[WhiteElo "2221"]
[BlackElo "2478"]

1.c4 Nf6 2.Nf3 e6 3.g3 d5 4.d4 Bb4+ 5.Bd2 Be7 6.Bg2 c6 7.Qc2 b6 8.O-O O-O
9.Bf4 Ba6 10.Nbd2 Nbd7 11.Rfd1 Nh5 12.Rac1 Nxf4 13.gxf4 Rc8 14.Qa4 Bxc4
15.Nxc4 b5 16.Qxa7 bxc4 17.Ne5 Nxe5 18.dxe5 Ra8 19.Qb7 Bh4 20.Qxc6 Rxa2 21.e4
Rxb2 22.exd5 Bxf2+ 23.Kh1 exd5 24.Qxd5 Qh4 25.Qf3 Rb3 26.Qe4 Bg3 27.h3 Bxf4
28.Rxc4 Rxh3+ 29.Bxh3 Qxh3+ 30.Kg1 Be3+ {#R} 0-1

[Event "It (open)"]
[Site "masterchessopen.com Barcelona (Spain)"]
[Round "4"]
[White "Lafuente Pablo (ARG)"]
[Black "Vilela Jose Luis (CUB)"]
[Result "1-0"]
[WhiteElo "2522"]
[BlackElo "2338"]

1.d4 Nf6 2.c4 e6 3.g3 d5 4.Nf3 Bb4+ 5.Bd2 a5 6.Bg2 O-O 7.Qc2 c5 8.cxd5 cxd4
9.Nxd4 Qb6 10.e3 exd5 11.Nc3 Nc6 12.Nxc6 bxc6 13.O-O Re8 14.Rfc1 Bd7 15.Na4
Qb8 16.Bxb4 Qxb4 17.Nc5 Bg4 18.Nd3 Qb5 19.Bf1 Rac8 20.Qc5 Bf5 21.Qxb5 cxb5
22.a3 Bxd3 23.Bxd3 b4 24.Rxc8 Rxc8 25.axb4 axb4 26.Ra4 Rb8 27.Kf1 g6 28.Ke2
Rb7 29.Ra6 Nd7 30.Rd6 Nb6 31.b3 Kf8 32.Rc6 Nd7 33.e4 dxe4 34.Bxe4 Rb6 35.Rxb6
Nxb6 36.Kd3 {#r} 1-0

[Event "It (open)"]
[Site "masterchessopen.com Barcelona (Spain)"]
[Round "6"]
[White "Postny Evgeny (ISR)"]
[Black "Radulski Julian (BUL)"]
[Result "0-1"]
[WhiteElo "2674"]
[BlackElo "2578"]

1.d4 d5 2.c4 e6 3.Nf3 Nf6 4.g3 Bb4+ 5.Bd2 Bxd2+ 6.Nbxd2 O-O 7.Bg2 Qe7 8.O-O
Rd8 9.Qc2 Nc6 10.Rad1 a5 11.Rfe1 Bd7 12.e4 Nb4 13.Qb1 dxc4 14.Nxc4 Bb5 15.Ne3
Nd7 16.a3 Na6 17.d5 e5 18.d6 Qe6 19.Nf5 c6 20.h4 f6 21.Bh3 Qf7 22.Kh2 Nac5
23.g4 Ba4 24.Rd2 Bb3 25.g5 Kh8 26.Rg1 g6 27.Nh6 Qf8 28.Rg3 fxg5 29.Nxg5 Qxh6
30.Rxb3 Qxh4 31.Rg3 Rf8 32.b4 axb4 33.axb4 h6 34.bxc5 hxg5 35.Kg2 Qf4 36.Qc2
Nf6 37.Rf3 Qh4 38.d7 g4 39.Rg3 Kg7 {#R} 0-1

[Event "It (open)"]
[Site "masterchessopen.com Ortigueira (Spain)"]
[Date "2008.08.13"]
[Round "4"]
[White "Filip Lucian (ROM)"]
[Black "Arias Rodriguez M"]
[Result "1-0"]
[WhiteElo "2466"]
[BlackElo "2083"]

1.Nf3 Nf6 2.c4 e6 3.g3 d5 4.d4 Bb4+ 5.Bd2 Be7 6.Bg2 O-O 7.O-O dxc4 8.Qc2 a6
9.Qxc4 b5 10.Qc2 Bb7 11.Rc1 Bd6 12.a3 Be4 13.Qd1 Nbd7 14.Ba5 Rc8 15.Nbd2 Ba8
16.a4 Qe7 17.axb5 axb5 18.Qb3 c6 19.e3 h6 20.e4 e5 21.Nh4 Qe6 22.Nf5 Qxb3
23.Nxb3 Ne8 24.Bh3 {#r} 1-0

[Event "It (open)"]
[Site "masterchessopen.com Groningen (Netherlands)"]
[Date "2008.12.21"]
[Round "1"]
[White "Sundararajan Kidambi (IND)"]
[Black "Cako Laszlo (NED)"]
[Result "1-0"]
[WhiteElo "2501"]
[BlackElo "2233"]

1.Nf3 Nf6 2.c4 e6 3.g3 d5 4.d4 c6 5.Bg2 Bb4+ 6.Bd2 Be7 7.O-O b6 8.Bf4 Nbd7
9.Nc3 O-O 10.Rc1 Bb7 11.cxd5 cxd5 12.Nb5 Ne8 13.Qd3 a6 14.Nc7 Ra7 15.Nxe8 Rxe8
16.Bc7 Qa8 17.Ne5 Nxe5 18.dxe5 Bd8 19.Qd4 b5 20.Bxd8 Rxd8 21.Rc7 Qb8 22.Rfc1
Ra8 23.Qf4 Rf8 24.Re7 {#r} 1-0

[Event "It (open)"]
[Site "masterchessopen.com Bosnjaci (Croatia)"]
[Date "2009.01.04"]
[Round "2"]
[White "Saric Ante (CRO)"]
[Black "Pasalic Adnan (BIH)"]
[Result "1-0"]
[WhiteElo "2486"]
[BlackElo "2118"]

1.Nf3 d5 2.d4 e6 3.c4 Nf6 4.g3 Bb4+ 5.Bd2 c5 6.cxd5 Qxd5 7.Nc3 Bxc3 8.Bxc3
Nbd7 9.Bg2 O-O 10.O-O Ne4 11.Nd2 Nxc3 12.bxc3 Qd6 13.Ne4 Qc7 14.Qa4 f5 15.Ng5
Nb6 16.Qa5 cxd4 17.cxd4 Qe7 18.Qd2 Rd8 19.a4 h6 20.Nf3 Bd7 21.a5 Nc4 22.Qa2
Bb5 23.Rfe1 Qd6 24.Qb1 Bc6 25.Rd1 b5 26.axb6 axb6 27.Rxa8 Rxa8 28.Ne5 Nxe5
29.dxe5 Qxe5 30.Bxc6 Rb8 31.Qb5 Qc3 32.Bd7 Kf7 33.Bxe6+ {#r} 1-0

[Event "It (open)"]
[Site "masterchessopen.com Las Vegas (USA)"]
[Date "2009.06.07"]
[Round "6"]
[White "Fernandez Daniel (USA)"]
[Black "Mitkov Nikola (MKD)"]
[Result "1-0"]
[WhiteElo "2424"]
[BlackElo "2526"]

1.Nf3 d5 2.d4 Nf6 3.c4 e6 4.g3 Bb4+ 5.Bd2 Be7 6.Bg2 c6 7.Qc2 b6 8.Bf4 Nbd7
9.cxd5 Nxd5 10.Qxc6 Nxf4 11.Qxa8 Nxg2+ 12.Kf1 Ne3+ 13.fxe3 O-O 14.Nc3 Nf6
15.Ne5 Bd6 16.Qf3 Qe7 17.e4 Bb7 18.Qe3 b5 19.a3 a5 20.Nf3 b4 21.axb4 axb4
22.e5 bxc3 23.exd6 cxb2 24.dxe7 bxa1=Q+ 25.Kg2 Bxf3+ 26.Qxf3 Qxd4 27.exf8=Q+
Kxf8 28.Qa3+ Ke8 29.Rc1 Qe4+ 30.Kg1 Ng4 31.Qa7 Qe3+ 32.Qxe3 Nxe3 33.Rc8+ Ke7
34.h3 h5 35.Kf2 Nf5 36.Kf3 Nd4+ 37.Ke3 Nf5+ 38.Kf4 Kf6 39.e3 Ne7 40.Ra8 Nd5+
41.Kf3 Ne7 42.Ra5 Nf5 43.h4 g6 44.Ra7 Ne7 45.Ra6 Nd5 46.e4 Ne7 47.Kf4 Kg7
48.Ke5 Ng8 49.Kd6 Nf6 50.Ra4 Kf8 51.Rc4 Kg7 52.Ke7 Ng4 53.Rc1 Ne5 54.Rf1 Nc6+
55.Kd6 Nd4 56.Rd1 Ne2 57.Rd3 Kf8 58.Kd7 Ng1 59.Re3 Nh3 60.Rf3 g5 61.e5 Ng1
62.Rf1 Ne2 63.hxg5 Nxg3 64.Rf3 Nf5 65.Rxf5 exf5 66.g6 f4 67.gxf7 f3 68.e6 f2
69.e7+ {#r} 1-0

[Event "It (open)"]
[Site "masterchessopen.com Voronezh (Russia)"]
[Date "2009.06.17"]
[Round "6"]
[White "Slugin Sergey (RUS)"]
[Black "Terentiev Vitaly G (RUS)"]
[Result "1-0"]
[WhiteElo "2436"]
[BlackElo "2301"]

1.Nf3 d5 2.d4 Nf6 3.c4 e6 4.g3 Bb4+ 5.Bd2 Bxd2+ 6.Nbxd2 O-O 7.Bg2 Nbd7 8.O-O
c6 9.Qc2 b6 10.Rfd1 Bb7 11.e4 Qe7 12.cxd5 cxd5 13.e5 Ne8 14.Rac1 Nb8 15.Nf1
Nc6 16.h4 Rc8 17.Ng5 g6 18.Qd2 Ng7 19.Ne3 h6 20.Ng4 Nf5 21.Nf6+ Kg7 22.Nf3 h5
23.Bh3 Rh8 24.Bxf5 exf5 25.Nxd5 Qe6 26.Nf4 Qxa2 27.d5 Ne7 28.Ra1 {#r} 1-0

[Event "It (open)"]
[Site "masterchessopen.com Eforie Nord (Romania)"]
[Date "2009.06.24"]
[Round "7"]
[White "Hoffmann Michael (GER)"]
[Black "Peptan Corina-Isabela (ROM)"]
[Result "1-0"]
[WhiteElo "2487"]
[BlackElo "2392"]

1.d4 Nf6 2.c4 e6 3.g3 d5 4.Nf3 Bb4+ 5.Bd2 Be7 6.Bg2 O-O 7.O-O Nc6 8.Qa4 Bd7
9.Qc2 a5 10.Rc1 Ne4 11.Be1 Bb4 12.Nc3 Nxc3 13.Bxc3 dxc4 14.Bxb4 Nxb4 15.Qxc4
Bc6 16.a3 Na6 17.e3 Be4 18.Ne5 Bxg2 19.Kxg2 c6 20.Kg1 Qd6 21.Qc3 Nc7 22.Qb3
Rfb8 23.Rc5 Nd5 24.Rd1 Ra6 25.h4 Nf6 26.Rc2 h6 27.Qd3 Rd8 28.Qe2 Qe7 29.Rd3 a4
30.Rc4 Nd7 31.Nxd7 Qxd7 32.Qc2 Qd5 33.Rxa4 Rxa4 34.Qxa4 Qe4 35.Qd1 c5 36.Rd2
cxd4 37.Rxd4 Rxd4 38.Qxd4 Qf3 39.a4 f6 40.b4 e5 41.Qd6 Qe4 42.a5 Kh7 43.Qd2
Qb1+ 44.Kg2 h5 45.Qc3 Qe4+ 46.Kh2 Qb1 47.Qc4 Kh6 48.Kg2 e4 49.b5 Qb2 50.a6
bxa6 51.bxa6 Qa1 52.Qc6 Qa5 53.Qb7 Qf5 54.a7 Qf3+ 55.Kg1 Qd1+ 56.Kh2 Qf3
57.Qb2 {#r} 1-0

[Event "It (open)"]
[Site "masterchessopen.com Nachod (Czech Republic)"]
[Date "2009.07.04"]
[Round "1"]
[White "Kovar Vojtech (CZE)"]
[Black "Gorecki Janusz (POL)"]
[Result "1-0"]
[WhiteElo "2328"]
[BlackElo "1928"]

1.d4 Nf6 2.Nf3 e6 3.c4 d5 4.g3 Bb4+ 5.Bd2 Bxd2+ 6.Nbxd2 Nbd7 7.Qc2 O-O 8.Bg2
c6 9.O-O Re8 10.Rfd1 Nf8 11.Ne5 Ng6 12.Nxg6 hxg6 13.Nf3 Ne4 14.Ne5 Nd6 15.c5
Nf5 16.b4 Qc7 17.e3 Bd7 18.Bf1 Reb8 19.Rdc1 Be8 20.Bd3 f6 21.Nf3 Ne7 22.Qc3 g5
23.a4 Bg6 24.Bxg6 Nxg6 25.b5 Kf7 26.Rab1 g4 27.Nd2 e5 28.Rb2 e4 29.Rcb1 Ne7
30.Rb4 b6 31.Rc1 cxb5 32.axb5 a6 33.Qb3 axb5 34.Nxe4 bxc5 35.Nxc5 Ra5 36.Rb1
Qa7 37.Qd3 Nc6 38.Rxb5 Ra1 39.Rxb8 Nxb8 40.Kg2 Rxb1 41.Qxb1 Nd7 42.Nd3 Qb6
43.Qa2 Qe6 44.Nf4 Qe4+ 45.Kg1 Nb6 46.Qa7+ {#r} 1-0

[Event "It (open)"]
[Site "masterchessopen.com Indianapolis (USA)"]
[Date "2009.08.02"]
[Round "2"]
[White "Ippolito Dean (USA)"]
[Black "Herbst Rudolf (GER)"]
[Result "1-0"]
[WhiteElo "2455"]
[BlackElo "1765"]

1.d4 Nf6 2.c4 e6 3.g3 d5 4.Nf3 Bb4+ 5.Bd2 Be7 6.Bg2 O-O 7.O-O b6 8.Nc3 Bb7
9.Ne5 Nbd7 10.cxd5 Nxe5 11.d6 Nc6 12.dxe7 Qxe7 13.Qa4 Nd8 14.e4 Nd7 15.Rac1 a6
16.Qc2 Rc8 17.Rfe1 c5 18.d5 e5 19.Bh3 Rb8 20.Red1 Qd6 21.Na4 Bc8 22.b4 c4
23.Qxc4 b5 24.Qc7 Qxc7 25.Rxc7 bxa4 26.Bxd7 Rb7 27.Rxb7 {#r} 1-0

[Event "It (open)"]
[Site "masterchessopen.com Kolobrzeg (Poland)"]
[Date "2009.08.20"]
[Round "4"]
[White "Grabarczyk Miroslaw (POL)"]
[Black "Kuznicki Cyprian (POL)"]
[Result "1-0"]
[WhiteElo "2480"]
[BlackElo "2019"]

1.d4 d5 2.Nf3 e6 3.c4 Nf6 4.g3 Bb4+ 5.Bd2 Bxd2+ 6.Nbxd2 O-O 7.Bg2 Nbd7 8.O-O
c6 9.Qc2 Qc7 10.Rfd1 Qd6 11.e4 Nxe4 12.Nxe4 dxe4 13.Qxe4 Nf6 14.Qe5 Qb4 15.Qe2
Rd8 16.a3 Qf8 17.c5 Re8 18.Ne5 Bd7 19.Nc4 Re7 20.Nd6 Be8 21.b4 a6 22.a4 Rd7
23.b5 Rxd6 24.cxd6 cxb5 25.Bxb7 Ra7 26.Bf3 Qxd6 27.Qe5 Qxe5 28.dxe5 Nd7
29.axb5 Nxe5 30.Be2 a5 31.Rd8 Kf8 32.b6 Rb7 33.Bb5 {#r} 1-0

[Event "It (open)"]
[Site "masterchessopen.com Brezova pod Bradlom (Slovakia)"]
[Date "2009.08.22"]
[Round "1"]
[White "Vacek Ondrej (SVK)"]
[Black "Spacek Marcel (SVK)"]
[Result "1-0"]
[WhiteElo "2155"]
[BlackElo "1572"]

1.Nf3 Nf6 2.c4 e6 3.g3 d5 4.d4 Bb4+ 5.Bd2 Be7 6.Bg2 b6 7.cxd5 Nxd5 8.O-O Bb7
9.Qa4+ Nd7 10.Ne5 Bd6 11.Nc6 Bxc6 12.Qxc6 O-O 13.Qc4 Rc8 14.e4 N5f6 15.e5 Nxe5
16.dxe5 Bxe5 17.Bc3 Bxc3 18.Nxc3 Qe7 19.Rad1 c5 20.Rd3 Nd7 21.f4 Nb8 22.Rfd1
Rfd8 23.a4 h6 24.Qe4 Na6 25.Qb7 Qxb7 26.Rxd8+ {#r} 1-0

[Event "It (open)"]
[Site "masterchessopen.com Nikaia (Greece)"]
[Date "2009.08.25"]
[Round "5"]
[White "Grigoriadis Alexandros (GRE)"]
[Black "Georgiev Vladimir (MKD)"]
[Result "0-1"]
[WhiteElo "2338"]
[BlackElo "2530"]

1.Nf3 d5 2.d4 Nf6 3.c4 e6 4.g3 Bb4+ 5.Bd2 Be7 6.Bg2 c6 7.Qc2 b6 8.cxd5 cxd5
9.O-O O-O 10.Nc3 Bb7 11.Ne5 Nc6 12.Nxc6 Bxc6 13.Rfc1 Rc8 14.Bg5 b5 15.a3 a5
16.e3 Bd7 17.Bxf6 gxf6 18.Qb3 Rb8 19.Bf1 b4 20.axb4 Rxb4 21.Qc2 Qb6 22.Ra2 Rb8
23.Nd1 Bd6 24.Bd3 f5 25.Rca1 a4 26.Qe2 Qd8 27.Nc3 Qg5 28.Kh1 Kg7 29.f4 Qh6
30.Rg1 Kf8 31.Rga1 Qh3 32.Nd1 Qg4 33.Qxg4 fxg4 34.Kg1 Rc8 35.Kf2 Rb3 36.Ke2 h5
37.Nc3 Bb4 38.Nd1 Rxd3 {#R} 0-1

[Event "It (open)"]
[Site "masterchessopen.com Anapa (Russia)"]
[Date "2009.09.07"]
[Round "8"]
[White "Mamoshin Valery (RUS)"]
[Black "Vorobiov Kirill (RUS)"]
[Result "1-0"]
[WhiteElo "2276"]
[BlackElo "2084"]

1.d4 d5 2.Nf3 e6 3.c4 Nf6 4.g3 Bb4+ 5.Bd2 Qe7 6.a3 Bxd2+ 7.Nbxd2 O-O 8.Bg2 b6
9.Ne5 Bb7 10.O-O Nbd7 11.Nxd7 Qxd7 12.Qc2 Rac8 13.c5 bxc5 14.Qxc5 Qa4 15.b4
Ne4 16.Nxe4 dxe4 17.Rfc1 Bd5 18.e3 c6 19.Bf1 Ra8 20.Rc3 Rfb8 21.Be2 h6 22.Rac1
Rb7 23.Qd6 Rab8 24.b5 Rxb5 25.Bxb5 Rxb5 26.Qd8+ Kh7 27.Qf8 Rb7 28.h4 h5 29.Qd6
a5 30.Qe5 g6 31.Qf6 Qb5 32.R3c2 Qa6 33.g4 hxg4 34.h5 Qa8 35.hxg6+ fxg6 36.Kg2
Kg8 37.Rh1 Rg7 38.Rcc1 g3 39.Rh6 gxf2 40.Rch1 f1=Q+ 41.Kxf1 {#r} 1-0

[Event "It (open)"]
[Site "masterchessopen.com Chamalieres (France)"]
[Date "2009.10.28"]
[Round "7"]
[White "Gleizerov Evgeny (RUS)"]
[Black "Delort Frederic (FRA)"]
[Result "1-0"]
[WhiteElo "2538"]
[BlackElo "2202"]

1.d4 d5 2.c4 e6 3.Nf3 Nf6 4.g3 Bb4+ 5.Bd2 a5 6.Qc2 c5 7.Bg2 O-O 8.cxd5 cxd4
9.Nxd4 Qb6 10.e3 exd5 11.O-O Nc6 12.Bc3 Bxc3 13.bxc3 Bd7 14.Nd2 Rfc8 15.Qb3
Qc5 16.Rfc1 Ne5 17.Bf1 Rab8 18.Rab1 Ne4 19.Nxe4 dxe4 20.Qb6 Qa3 21.c4 Nd3
22.Bxd3 Qxd3 23.Qxa5 Rxc4 24.Rd1 Qc3 25.Qd5 Be8 26.Nb5 Qc2 27.Na3 {#r} 1-0

[Event "It (open)"]
[Site "masterchessopen.com Zadar (Croatia)"]
[Date "2009.12.14"]
[Round "3"]
[White "Platzgummer Fabian (AUT)"]
[Black "Brkic Ante (CRO)"]
[Result "0-1"]
[WhiteElo "2308"]
[BlackElo "2544"]

1.Nf3 Nf6 2.c4 e6 3.g3 d5 4.d4 Bb4+ 5.Bd2 Bd6 6.Bg2 c6 7.Qc2 Ne4 8.O-O O-O
9.Bf4 Bxf4 10.gxf4 Nd7 11.Nbd2 Ndf6 12.e3 Qe7 13.c5 Kh8 14.Nxe4 Nxe4 15.Ne5
Nf6 16.b4 Ne8 17.Kh1 Nc7 18.Qe2 f6 19.Nd3 Bd7 20.f3 Be8 21.e4 dxe4 22.fxe4 Rd8
23.Qb2 Nb5 24.d5 cxd5 25.exd5 exd5 26.Rae1 Qd7 27.a4 Nc7 28.b5 Bg6 29.Nb4 a5
30.Nc2 Bd3 31.Rf2 Ne6 32.Qc3 Bc4 33.Qa3 Rc8 34.c6 bxc6 35.f5 Ng5 36.b6 Nf7
37.Qc5 Ne5 38.Rd2 Nd3 39.Qe7 Qxe7 40.Rxe7 Rb8 41.b7 Nc5 42.Nd4 Rxb7 43.Nxc6
Rb1+ {#R} 0-1

[Event "It (open)"]
[Site "masterchessopen.com Zadar (Croatia)"]
[Date "2009.12.15"]
[Round "4"]
[White "Schachinger Mario (AUT)"]
[Black "Kovacevic Blazimir (CRO)"]
[Result "1-0"]
[WhiteElo "2351"]
[BlackElo "2436"]

1.Nf3 Nf6 2.d4 e6 3.c4 d5 4.g3 Bb4+ 5.Bd2 Be7 6.Bg2 c6 7.Qc2 O-O 8.O-O Nbd7
9.Bf4 a5 10.Rd1 b5 11.c5 Nh5 12.Nbd2 Nxf4 13.gxf4 Qc7 14.e3 Re8 15.Ne5 f6
16.Nxd7 Bxd7 17.Nf3 Bf8 18.Kh1 Re7 19.Rg1 Be8 20.Bh3 Bh5 21.Bg4 Bg6 22.f5 exf5
23.Bxf5 Bxf5 24.Qxf5 Rae8 25.Rg3 Rf7 26.Rag1 g6 27.h4 Bg7 28.Qh3 Qd7 29.h5
Qxh3+ 30.Rxh3 g5 31.h6 Bf8 32.Nh4 Bxh6 33.Nf5 Bf8 34.f4 h6 35.Nxh6+ Bxh6
36.Rxh6 Rh7 37.fxg5 Rxh6+ 38.gxh6+ Kh7 39.Rg3 Kxh6 40.Kg2 Re4 41.Kf3 Kh7
42.Rg4 Re7 43.e4 dxe4+ 44.Rxe4 Rd7 45.Ke3 Kg6 46.Re6 Rc7 47.Ke4 Kg5 48.d5 f5+
49.Kd4 cxd5 50.Kxd5 f4 51.c6 f3 52.Re1 Rh7 53.Kd6 Rh2 54.c7 Rd2+ 55.Kc6 Rxb2
56.Rc1 {#r} 1-0

[Event "It (open)"]
[Site "masterchessopen.com Zurich (Switzerland)"]
[Date "2009.12.26"]
[Round "1"]
[White "Lafuente Pablo (ARG)"]
[Black "Meyer Bernhard (SUI)"]
[Result "1-0"]
[WhiteElo "2524"]
[BlackElo "2197"]

1.d4 Nf6 2.c4 e6 3.Nf3 d5 4.g3 Bb4+ 5.Bd2 Be7 6.Bg2 c6 7.Qb3 O-O 8.O-O Nbd7
9.Bf4 Nh5 10.Be3 Bd6 11.Nc3 Qe7 12.Rad1 f5 13.Bg5 Nhf6 14.e3 Kh8 15.Bf4 Ne4
16.Bxd6 Nxd6 17.Nd2 Nf6 18.Ne2 Bd7 19.Nf4 Be8 20.Qa3 g5 21.Nd3 Bh5 22.f3 Rfe8
23.Rc1 Nf7 24.Qc3 Rad8 25.e4 dxe4 26.fxe4 Kg8 27.e5 Ng4 28.Rce1 Bg6 29.Nb3 h5
30.Nbc5 Kh7 31.b4 Rg8 32.d5 cxd5 33.cxd5 exd5 34.e6 Nfh6 35.Nd7 Qg7 36.Qxg7+
Kxg7 37.Bxd5 f4 38.N3c5 Ne3 39.Rxe3 fxe3 40.e7 Rde8 41.Bxg8 Nxg8 42.Nxb7 Rxe7
43.Ndc5 Nf6 44.Nd8 Bf7 45.Nc6 Re8 46.a3 h4 47.gxh4 gxh4 48.Nd4 Rg8 49.Rf4 Kf8+
50.Kf1 Bc4+ 51.Ne2 Bxe2+ 52.Kxe2 Ke7 53.Rxh4 Nd5 54.Re4+ Kf7 55.Re5 Rg2+
56.Kf3 Rf2+ 57.Kg3 Rd2 58.Nb3 Rb2 59.Rxd5 Rxb3 60.Rd7+ Ke6 61.Rxa7 Kd5 62.Kf3
Kc4 63.h4 e2+ 64.Kxe2 Rh3 65.Rc7+ Kb3 66.Rh7 Kxa3 67.b5 Rb3 68.h5 Rxb5 69.h6
Rh5 70.Rh8 Ra5 71.Rb8 Rh5 72.Rb6 Ka4 73.Kf3 Ka5 74.Kg4 Rh1 75.Rf6 {#r} 1-0

[Event "It (open)"]
[Site "masterchessopen.com Chennai (India)"]
[Date "2010.01.26"]
[Round "3"]
[White "Ram S Krishnan (IND)"]
[Black "Lalith Babu M R (IND)"]
[Result "0-1"]
[WhiteElo "2245"]
[BlackElo "2479"]

1.Nf3 Nf6 2.c4 e6 3.g3 d5 4.d4 Bb4+ 5.Bd2 Be7 6.Bg2 O-O 7.Qc2 c6 8.O-O b6 9.b3
Ba6 10.a4 c5 11.dxc5 bxc5 12.Ne5 Qc7 13.Bc3 Bb7 14.e3 Nc6 15.Nxc6 Bxc6 16.Nd2
Rfd8 17.Qb2 Qb7 18.Rfd1 Rd7 19.cxd5 Bxd5 20.e4 Bc6 21.f3 Rb8 22.Rdb1 Ne8
23.Nc4 Bf6 24.e5 Be7 25.Na5 Qb6 26.f4 c4+ 27.Kh1 Bxg2+ 28.Qxg2 Qe3 29.Nc6 Rxb3
30.Bd4 Rxd4 31.Re1 Qd3 32.Nxe7+ Kf8 33.Nc6 Rd5 34.Nxa7 c3 35.Rac1 Rb2 36.Qe4
Qd2 {#R} 0-1

[Event "It (open)"]
[Site "masterchessopen.com Zalakaros (Hungary)"]
[Date "2010.06.03"]
[Round "9"]
[White "Kilgus Georg (AUT)"]
[Black "Prohaszka Peter (HUN)"]
[Result "0-1"]
[WhiteElo "2375"]
[BlackElo "2529"]

1.Nf3 d5 2.d4 Nf6 3.c4 e6 4.g3 Bb4+ 5.Bd2 Bd6 6.Bg2 O-O 7.O-O c6 8.Bg5 Nbd7
9.Nbd2 h6 10.Bxf6 Nxf6 11.Qc2 b6 12.e4 Nxe4 13.Nxe4 dxe4 14.Qxe4 Bb7 15.Ne5
Rc8 16.Rac1 Qc7 17.f4 Rfd8 18.c5 bxc5 19.dxc5 Bxe5 20.Qxe5 Qxe5 21.fxe5 Rd2
22.Rf2 Rcd8 23.Rc2 Rd1+ 24.Rf1 R1d2 25.Rf2 Rd1+ 26.Rf1 Ba6 27.Rxd1 Rxd1+
28.Kf2 Bd3 29.Rc3 Bb5 30.Rc2 Bd3 31.Rc3 Rd2+ 32.Kg1 Bb5 33.a4 Bxa4 34.Ra3 Bb5
35.Rxa7 Rd1+ 36.Kf2 Rd2+ 37.Kg1 Rxb2 38.Ra8+ Kh7 39.Rf8 Rb1+ 40.Kf2 Rb2+
41.Kg1 Bd3 42.Bxc6 Rc2 43.Rc8 Kg6 44.Ba4 Rc4 45.Be8 Kf5 46.Bxf7 Kxe5 47.Kf2
Be4 48.h4 Rc2+ 49.Ke3 Rc3+ 50.Kd2 Rd3+ 51.Ke2 Rxg3 52.c6 Rc3 53.c7 Bf5 {#R}
0-1

[Event "It (open)"]
[Site "masterchessopen.com Eforie Nord (Romania)"]
[Date "2010.06.20"]
[Round "4"]
[White "Gajewski Grzegorz (POL)"]
[Black "Gavrilov Alexei (RUS)"]
[Result "1-0"]
[WhiteElo "2568"]
[BlackElo "2500"]

1.d4 Nf6 2.c4 e6 3.g3 d5 4.Nf3 Bb4+ 5.Bd2 Bd6 6.Bg2 c6 7.Qc2 O-O 8.O-O Nbd7
9.b3 e5 10.cxd5 Nxd5 11.Nc3 Nxc3 12.Bxc3 Qe7 13.e4 Re8 14.Rad1 exd4 15.Nxd4
Nf8 16.Qd2 Bc7 17.Rfe1 Rd8 18.Qb2 f6 19.b4 Bb6 20.h3 Qf7 21.b5 cxb5 22.Nxb5
Be6 23.Nd6 Qh5 24.e5 fxe5 25.Bxe5 Bxh3 26.Qb3+ Be6 27.Bd5 Qg6 28.Bf4 Rxd6
29.Bxd6 Re8 30.Bxf8 Bxd5 31.Qxd5+ Kxf8 32.Rxe8+ Qxe8 33.Qxb7 Qe2 34.Qc8+ Ke7
35.Rd7+ Kf6 36.Qf8+ {#r} 1-0

[Event "It (open)"]
[Site "masterchessopen.com Eforie Nord (Romania)"]
[Date "2010.06.26"]
[Round "10"]
[White "Thorfinnsson Bjorn (ISL)"]
[Black "Thesing Matthias (GER)"]
[Result "0-1"]
[WhiteElo "2404"]
[BlackElo "2432"]

1.d4 d5 2.c4 e6 3.Nf3 Nf6 4.g3 Bb4+ 5.Bd2 Be7 6.Bg2 c6 7.Qc2 O-O 8.O-O Nbd7
9.b4 Ne4 10.Be1 f5 11.b5 cxb5 12.cxd5 Nb6 13.Ba5 exd5 14.Qb3 Qd6 15.Nc3 Nxc3
16.Bxc3 b4 17.Bd2 Be6 18.Rab1 a5 19.Bf4 Qd8 20.Nd2 Qd7 21.Rfc1 Rac8 22.Qe3
Rxc1+ 23.Rxc1 Rc8 24.Rc7 Rxc7 25.Bxc7 Na8 26.Bb8 a4 27.Nf3 Qc8 28.Ba7 b6
29.Qd3 b3 30.axb3 a3 {#R} 0-1

[Event "It (open)"]
[Site "masterchessopen.com Znin (Poland)"]
[Date "2010.06.28"]
[Round "3"]
[White "Sopur Lech (POL)"]
[Black "Grabarczyk Miroslaw (POL)"]
[Result "1-0"]
[WhiteElo "2428"]
[BlackElo "2475"]

1.d4 d5 2.c4 e6 3.Nf3 Nf6 4.g3 Bb4+ 5.Bd2 Be7 6.Qc2 O-O 7.Bg2 c6 8.O-O Nbd7
9.b4 b6 10.b5 cxb5 11.cxb5 Bb7 12.Bf4 Ne4 13.Rc1 Bd6 14.Bxd6 Nxd6 15.Qb3 a6
16.Nc3 Nxb5 17.Nxb5 axb5 18.e3 Ba6 19.Qb4 h6 20.Rc3 Rc8 21.Rxc8 Qxc8 22.Bf1
Rd8 23.Qe7 Re8 24.Qb4 Rd8 25.Rb1 Nf6 26.Bxb5 Bxb5 27.Qxb5 Rd6 28.Ne5 Ne4
29.Kg2 f6 30.Nd3 Nc3 31.Qb4 Rc6 32.Rc1 Kf7 33.Qa3 Qc7 34.Qa8 Qc8 35.Qxc8 Rxc8
36.Nb2 b5 37.a3 Rc7 38.Nd1 b4 39.axb4 Nb5 40.Rxc7+ Nxc7 41.Nc3 Ke7 42.Kf3 Kd6
43.Ke2 e5 44.Kd3 e4+ 45.Kc2 Na8 46.Na4 Nc7 47.Kb3 h5 48.Nc3 g5 49.b5 f5 50.b6
Na6 51.Ka4 Kc6 52.Ka5 Nb8 53.h4 gxh4 54.gxh4 Nd7 55.Na4 Nb8 56.Nc5 Kd6 57.Kb5
{#r} 1-0

[Event "It (open)"]
[Site "masterchessopen.com Myrhorod (Ukraine)"]
[Date "2010.07.09"]
[Round "1"]
[White "Nikolaev Leonid (UKR)"]
[Black "Podrez Sergey (UKR)"]
[Result "1-0"]
[WhiteElo "2308"]
[BlackElo "2036"]

1.Nf3 d5 2.d4 Nf6 3.c4 e6 4.g3 Bb4+ 5.Bd2 Qe7 6.a3 Bxd2+ 7.Nbxd2 O-O 8.Bg2
Nbd7 9.O-O c6 10.Qc2 e5 11.cxd5 Nxd5 12.e4 N5f6 13.Rad1 exd4 14.Nxd4 Ne5 15.h3
Rd8 16.N2b3 Ng6 17.Rfe1 Nf8 18.Kh2 g6 19.Qc3 Ne6 20.Nxe6 Bxe6 21.Nc5 b6 22.Nd3
c5 23.Nf4 Rxd1 24.Rxd1 Rd8 25.Rxd8+ Qxd8 26.e5 Nd5 27.Qd2 Qg5 28.Bxd5 Qxe5
29.Bxe6 fxe6 30.Qd8+ Kg7 31.Qe7+ Kh6 32.Nxe6 {#r} 1-0

[Event "It (open)"]
[Site "masterchessopen.com Rethymno (Greece)"]
[Date "2010.07.14"]
[Round "3"]
[White "Postny Evgeny (ISR)"]
[Black "Turova Irina (RUS)"]
[Result "1-0"]
[WhiteElo "2595"]
[BlackElo "2433"]

1.d4 Nf6 2.c4 e6 3.g3 d5 4.Nf3 Bb4+ 5.Bd2 Bd6 6.Bg2 O-O 7.O-O dxc4 8.Bg5 c5
9.Nc3 Nbd7 10.dxc5 Bxc5 11.Nd2 h6 12.Bxf6 Nxf6 13.Nxc4 Rb8 14.Qc2 Qe7 15.a3
Bd7 16.b4 Bd4 17.Rfd1 Bxc3 18.Qxc3 Ba4 19.Rdc1 Rfc8 20.Qe5 b6 21.Nd6 Rxc1+
22.Rxc1 Nd7 23.Qd4 e5 24.Qd2 Nf6 25.Nc8 Qe8 26.Nxa7 e4 27.Qd6 Ra8 28.Qxb6 Qd7
29.Nc6 Qd2 30.Qc5 Qxe2 31.Bf1 Qd2 32.b5 Ng4 33.Ne7+ Kh8 34.h3 e3 35.hxg4 Qxf2+
36.Kh1 Qxg3 37.Nf5 Qxg4 38.Nxe3 Qh4+ 39.Kg1 Re8 40.Ng2 Qg4 41.Rc4 Qd1 42.Qd4
{#r} 1-0

[Event "It (open)"]
[Site "masterchessopen.com Gent (Belgium)"]
[Date "2010.07.20"]
[Round "8"]
[White "Van Der Stricht Geert (BEL)"]
[Black "Tonoli Benjamin (BEL)"]
[Result "1-0"]
[WhiteElo "2392"]
[BlackElo "2165"]

1.d4 Nf6 2.c4 e6 3.g3 d5 4.Nf3 Bb4+ 5.Bd2 Be7 6.Bg2 O-O 7.O-O b6 8.cxd5 exd5
9.Nc3 Bb7 10.Bf4 c5 11.Qc2 Na6 12.Rad1 Re8 13.a3 Nc7 14.e4 dxe4 15.dxc5 Qc8
16.Ng5 Bxc5 17.Ncxe4 Nxe4 18.Nxe4 Ne6 19.Be5 Bf8 20.Bc3 Nc5 21.Ng5 g6 22.Qd2
Bg7 23.Qf4 Re7 24.Bxg7 Kxg7 25.Rd6 Qc7 26.Rfd1 Bxg2 27.Kxg2 Qb7+ 28.Kh3 h6
29.Qf6+ Kg8 30.Nxf7 Rxf7 31.Rd8+ {#r} 1-0